| 000 | 00420nam a2200193Ia 4500 | ||
|---|---|---|---|
| 003 | 0100 | ||
| 008 | 130307s9999 xx 000 0 und d | ||
| 040 | _cARRUPELIB | ||
| 050 | _aBL80.W66 1927 | ||
| 100 | _aWindle, Bertram C.A | ||
| 245 | _aReligions past present | ||
| 260 | _aNew York | ||
| 260 | _bThe Century | ||
| 260 | _c1927 | ||
| 300 | _a308p. | ||
| 300 | _b23 cm. | ||
| 650 | _aRELIGION | ||
| 942 | 0 | 0 | _01 |
| 999 |
_c87793 _d87793 |
||